Sdělovací technika

Enregistré dans:
Détails bibliographiques
Format: Publication en série
Publié: 1989
Tags: Ajouter un tag
Pas de tags, Soyez le premier à ajouter un tag!

MARC

LEADER 00000nas a22000003a 4500
001 stu72064
005 20141121231544.9
008 011106s1989----------------------------d
040 |a STU  |b slo 
041 0
245 |a Sdělovací technika 
260 |c 1989 
500 |a 1989 
500 |a 12 
500 |a 1-12 
773 0 |t Sdělovací technika :  |w stu_us_cat*stu59081  |x 0036-9942  |7 nnas 
996 |d Roč. 37, 1989  |v Roč. 37  |y 1989  |l II680  |s A  |a 24  |w stu72064_0004